Del arco iris blanco: ensayos de literatura y cultura
Gorde:
| Egile nagusia: | |
|---|---|
| Formatua: | Liburua |
| Hizkuntza: | gaztelania portugesa |
| Argitaratua: |
Buenos Aires
Adriana Hidalgo
2006
|
| Edizioa: | 1a. ed |
| Saila: | El Otro Lado. Ensayo
|
| Gaiak: | |
| Etiketak: |
Etiketa erantsi
Etiketarik gabe, Izan zaitez lehena erregistro honi etiketa jartzen!
|
MARC
| LEADER | 00000nam a2200000 a 4500 | ||
|---|---|---|---|
| 001 | UCG6930 | ||
| 003 | CL-VaPUC | ||
| 008 | 110602e20060000AG |||||||||||||||||spa|d | ||
| 020 | |a 987115643X | ||
| 041 | 0 | 7 | |a spa |2 CL-VaPUC |
| 041 | 0 | 7 | |a por |2 CL-VaPUC |
| 082 | 0 | 4 | |a 869.4 |b CAM |2 21 |
| 100 | 0 | |a Campos, Haroldo de |e author |9 557410 | |
| 245 | 1 | 0 | |a Del arco iris blanco: ensayos de literatura y cultura |
| 250 | |a 1a. ed | ||
| 300 | |a 252 p | ||
| 942 | |c BK | ||
| 945 | |d 20110602 00:00:00 |a dcastane | ||
| 260 | |a Buenos Aires |b Adriana Hidalgo |c 2006 | ||
| 650 | 0 | |a Literatura brasileña |9 269433 | |
| 650 | 7 | |a ENSAYOS BRASILEÑOS |2 CL-VaPUC |9 476025 | |
| 650 | 0 | |a Crítica e interpretación |9 255042 | |
| 583 | |a last modification |c 20110602 00:00:00 |k Rodrigo Vera | ||
| 490 | 0 | |a El Otro Lado. Ensayo | |
| 999 | |c 345038 |d 345036 | ||
| 952 | |0 0 |1 0 |4 0 |6 869_400000000000000_CAM_2006 |7 0 |8 A |9 443442 |a BIBART |b BIBART |d 2019-11-22 |i 478068K |o 869.4 CAM 2006 |p 478068K |r 2025-03-13 |w 2019-11-22 |y BK |k ART | ||